Kitāb manāfiʻ al-aghdhiyah wa-dafʻ maḍārrihā /

محفوظ في:

المؤلف الرئيسي: Rāzī, Abū Bakr Muḥammad ibn Zakarīyā, 865?-925? (مؤلف)

مؤلفون آخرون: Avicenna, 980-1037.

التنسيق: كتاب

اللغة: Arabic

منشور في: Miṣr : al-Maṭbaʻah al-Khayrīyah, 1305 [1887].

الطبعة: al-Ṭabʻah 1.

الموضوعات:

الوسوم: إضافة وسم

لا توجد وسوم, كن أول من يضع وسما على هذه التسجيلة!

رقم الطلب: ( RA )RA784 .R39 1887

LEADER 01436nam a2200265Ia 4500
003 OSt
005 20240613092153.0
008 130303s1887 ua 000 0 ara d
952 |0 0  |1 0  |2 lcc  |4 0  |7 1  |9 27979  |a ARCE  |b ARCE  |d 2022-01-25  |l 0  |o ( RA )RA784 .R39 1887  |p 1030654  |r 2022-01-25 00:00:00  |w 2022-01-25  |y BK 
999 |c 25504  |d 25504 
040 |c ARCE Library 
050 4 |a ( RA )RA784 .R39 1887 
100 1 |6 880-01  |a Rāzī, Abū Bakr Muḥammad ibn Zakarīyā,  |d 865?-925?,  |e author 
245 1 0 |6 880-02  |a Kitāb manāfiʻ al-aghdhiyah wa-dafʻ maḍārrihā /   |c li-Abī Bakr Muḥammad ibn Zakarīyā al-Rāzī. Wa-bi-hāmishihi Kitāb dafʻ al-maḍārr al-kullīyah ʻan al-abdān al-insānīyah / li-Abī ʻAlī al-Ḥusayn ibn ʻAbd Allāh al-shahīr bi-Ibn Sīnā. 
250 |a al-Ṭabʻah 1. 
264 1 |a Miṣr :   |b al-Maṭbaʻah al-Khayrīyah,   |c 1305 [1887]. 
300 |a 4, 68 pages ;   |c 29 cm. 
650 0 |a Medicine, Arab. 
650 0 |a Nutrition. 
700 1 2 |a Avicenna,  |d 980-1037.  |t Maqālah fi tadāruk al-khaṭa’ fi al-tadbīr al-ṭibbī.  |9 25861 
740 0 2 |a Maqālah fi tadāruk al-khaṭa’ fi al-tadbīr al-ṭibbī. 
880 1 |6 100-01/(3/r  |a رازي، أبو بكر محمد بن زكريا،‪‪‪‪‪‪‪  |d 865?-925? 
880 1 0 |6 245-02/(3/r  |a كتاب منافع الاغذية ودفع مضارها  |c أبو بكر محمد بن زكريا رازي ؛ ابن سينا 
901 |a reviewed 
942 |c BK  |2 lcc